Introducción a la historiografía latina : (Record no. 134877)

MARC details
000 -LEADER
fixed length control field 00821nam a22002297a 4500
005 - DATE AND TIME OF LATEST TRANSACTION
control field 20180123142343.0
008 - FIXED-LENGTH DATA ELEMENTS--GENERAL INFORMATION
fixed length control field 170619b sp ||||| |||| 00| 0 spa d
020 ## - INTERNATIONAL STANDARD BOOK NUMBER
International Standard Book Number 84781470065
050 04 - LIBRARY OF CONGRESS CALL NUMBER
Classification number DG276
Item number I58 1989
245 10 - TITLE STATEMENT
Title Introducción a la historiografía latina :
Remainder of title textos para su lectura
Statement of responsibility, etc / Ana Ma. Aldama, Matilde Rovira, Almudena Zapata.
250 ## - EDITION STATEMENT
Edition statement 1a ed.
260 ## - PUBLICATION, DISTRIBUTION, ETC. (IMPRINT)
Place of publication, distribution, etc Madrid, España :
Name of publisher, distributor, etc Palas Atenea,
Date of publication, distribution, etc 1989.
300 ## - PHYSICAL DESCRIPTION
Extent 367 p. ;
Dimensions 24 cm.
490 ## - SERIES STATEMENT
Series statement Colección : Libros de Investigación.
504 ## - BIBLIOGRAPHY, ETC. NOTE
Bibliography, etc Incluye bibliografía (p.365-367) e índice.
650 #7 - SUBJECT ADDED ENTRY--TOPICAL TERM
Source of heading or term LEMB
Topical term or geographic name as entry element Historiografía
Geographic subdivision Roma
651 #7 - SUBJECT ADDED ENTRY--GEOGRAPHIC NAME
Source of heading or term LEMB
Geographic name Roma
General subdivision Historia
Form subdivision Fuentes
700 1# - ADDED ENTRY--PERSONAL NAME
Personal name Aldama, Ana Ma,
Relator term coaut.
700 1# - ADDED ENTRY--PERSONAL NAME
Personal name Rovira, Matilde,
Relator term coaut.
700 1# - ADDED ENTRY--PERSONAL NAME
Personal name Zapata, Almudena,
Relator term coaut.
942 ## - ADDED ENTRY ELEMENTS (KOHA)
Source of classification or shelving scheme Biblioteca del Cogreso de los Estados Unidos
Koha item type Libro
Holdings
Estado de pérdida Fuente de clasificación Estado del daño No para préstamo Ubicación permanente Ubicación actual Apartado o colección Fecha de adquisición Edición Dependencia de educación superior (DES) Área del conocimiento Clasificación Código de Barras Date last seen Número de copia Tipo de recurso Nota pública
  Biblioteca del Cogreso de los Estados Unidos     Biblioteca del Instituto de Investigaciones Históricas Biblioteca del Instituto de Investigaciones Históricas General 19/06/2017 1a ed. Humanidades Educación y Humanidades DG276 I58 1989 IIH000016352 19/06/2017 C:1 Libro GENERAL